Governing Social Protection in the Long Term (Record no. 30980)

MARC details
000 -LEADER
fixed length control field 00710nam a2200121Ia 4500
008 - FIXED-LENGTH DATA ELEMENTS--GENERAL INFORMATION
fixed length control field 220620s9999||||xx |||||||||||||| ||und||
100 ## - MAIN ENTRY--PERSONAL NAME
Personal name Ramia, Gaby
245 #0 - TITLE STATEMENT
Title Governing Social Protection in the Long Term
Remainder of title Social Policy and Employment Relations in Australia and New Zealand
546 ## - LANGUAGE NOTE
Language note English[eng]
650 ## - SUBJECT ADDED ENTRY--TOPICAL TERM
Topical term or geographic name entry element Social Policy||Sociology of Work||Political Sociology||social harm||the free market||employment and welfare||labour market||industrial relations||Open access||Political economy||Social & ethical issues||Sociology: work & labour||Sociology||Politics & government
856 ## - ELECTRONIC LOCATION AND ACCESS
Uniform Resource Identifier <a href="https://library.oapen.org/bitstream/20.500.12657/39984/1/2020_Book_GoverningSocialProtectionInThe.pdf">https://library.oapen.org/bitstream/20.500.12657/39984/1/2020_Book_GoverningSocialProtectionInThe.pdf</a>
942 ## - ADDED ENTRY ELEMENTS (KOHA)
Koha item type E-Books
Holdings
Withdrawn status Lost status Damaged status Not for loan Home library Current library Date acquired Total Checkouts Date last seen Price effective from Koha item type
        Kerala University of Digital Sciences, Innovation and Technology Knowledge Centre Kerala University of Digital Sciences, Innovation and Technology Knowledge Centre 20/06/2022   20/06/2022 20/06/2022 E-Books